[Event "PRO League Group Stage"]
[Site "chess.com INT"]
[Date "2018.01.25"]
[Round "2"]
[White "Thorfinnsson, Bjorn"]
[Black "Roberson, Peter T"]
[Result "1-0"]
[WhiteTitle "IM"]
[BlackTitle "IM"]
[WhiteElo "2400"]
[BlackElo "2412"]
[WhiteTeam "Reykjavik Puffins"]
[BlackTeam "London Towers"]
[WhiteFideId "2300982"]
[BlackFideId "412384"]
[EventDate "2018.01.18"]

1. d4 e6 2. Nf3 c5 3. e3 d5 4. dxc5 Bxc5 5. c4 Nf6 6. Nc3 O-O 7. cxd5 exd5 8.
Be2 Nc6 9. O-O Be6 10. b3 a6 11. Bb2 Ba7 12. Rc1 d4 13. Nxd4 Nxd4 14. exd4 Bxd4
15. Bf3 Rb8 16. Qd2 Be5 17. Qe3 Qd4 18. Qxd4 Bxd4 19. Rfd1 Rfd8 20. Na4 Bxb2 21.
Nxb2 Kf8 22. Kf1 Bd5 23. Bxd5 Rxd5 24. Rxd5 Nxd5 25. Nd3 Ke7 26. h4 Kd6 27. Nc5
b6 28. Ne4+ Kd7 29. Rd1 Kc6 30. Ng5 f6 31. Ne6 g6 32. Nd4+ Kc5 33. Ne6+ Kc6 34.
Nd4+ Kc5 35. a3 Re8 36. Ne2 Re4 37. g3 b5 38. Rc1+ Kd6 39. Rc8 b4 40. axb4 Rxb4
41. Rd8+ Kc6 42. Ra8 Rxb3 43. Nd4+ Kb7 44. Rh8 Rb2 45. Rxh7+ Kb6 46. Rd7 Kc5 47.
Ne6+ Kc6 48. Rd8 a5 49. Ra8 Ra2 50. g4 Kd6 51. Ra6+ Ke5 52. h5 gxh5 53. gxh5 Ra4
54. Nf8 Ne7 55. Ra7 Nc6 56. Ra6 Kd5 57. Ng6 Rg4 58. Ra8 Rg5 59. h6 Rh5 60. Rh8
Ne5 61. Nf4+ Ke4 62. Nxh5 a4 63. Nxf6+ Kf5 64. Nh7 Nf7 65. Ra8 Nxh6 66. Nf8 Kf6
67. Rxa4 Kf7 68. Nh7 Kg6 69. Nf8+ Kf7 70. Nd7 1-0

[Event "PRO League Group Stage"]
[Site "chess.com INT"]
[Date "2018.01.25"]
[Round "2"]
[White "Thorfinnsson, Bjorn"]
[Black "Jones, Gawain C B"]
[Result "0-1"]
[WhiteTitle "IM"]
[BlackTitle "GM"]
[WhiteElo "2400"]
[BlackElo "2640"]
[WhiteTeam "Reykjavik Puffins"]
[BlackTeam "London Towers"]
[WhiteFideId "2300982"]
[BlackFideId "409561"]
[EventDate "2018.01.18"]

1. d4 Nf6 2. Nf3 g6 3. Bg5 Bg7 4. e3 b6 5. Bd3 Bb7 6. Nbd2 c5 7. c3 O-O 8. Qc2
Nc6 9. h4 cxd4 10. exd4 Rc8 11. a3 Re8 12. O-O Qc7 13. Bxf6 Bxf6 14. Ne4 Bg7 15.
Qd2 d5 16. Ng3 e5 17. Bb5 e4 18. Ng5 Qe7 19. Rfe1 h6 20. Nf3 Qd8 21. Ne5 Qxh4
22. Nxc6 Bxc6 23. Bxc6 Rxc6 24. Nf1 f5 25. g3 Qd8 26. Ne3 Rf8 27. Ng2 g5 28. Qe2
f4 29. Qg4 Qf6 30. Rac1 h5 31. Qd7 Rd6 32. Qc7 h4 33. gxf4 h3 34. Ne3 gxf4 35.
Ng4 Qg5 36. Qxd6 Qxg4+ 37. Kf1 Qg2+ 38. Ke2 Qf3+ 39. Kd2 Qd3# 0-1

[Event "PRO League Group Stage"]
[Site "chess.com INT"]
[Date "2018.01.25"]
[Round "2"]
[White "Reimanis, Ritvars"]
[Black "Melkumyan, Hrant"]
[Result "0-1"]
[WhiteTitle "FM"]
[BlackTitle "GM"]
[WhiteElo "2335"]
[BlackElo "2654"]
[WhiteTeam "Riga Magicians"]
[BlackTeam "Armenia Eagles"]
[WhiteFideId "11602988"]
[BlackFideId "13302485"]
[EventDate "2018.01.18"]

1. d4 Nf6 2. e3 d5 3. f4 Bf5 4. Nf3 e6 5. Bd3 Bxd3 6. Qxd3 c5 7. c3 Nbd7 8. Nbd2
Bd6 9. Ne5 Qb6 10. a4 Qa6 11. Qb5 Qxb5 12. axb5 Ke7 13. Ke2 Rhc8 14. h3 Ne8 15.
Ndf3 f6 16. Nxd7 Kxd7 17. dxc5 Bxc5 18. Rd1 Nd6 19. g4 g6 20. h4 Ke7 21. Rh1 h5
22. g5 fxg5 23. Nxg5 Nxb5 24. Rg1 Rg8 25. Nf3 Nd6 26. Ne5 Nf7 27. Nf3 a6 28. Bd2
Rac8 29. Rg2 Bd6 30. Rag1 Nh8 31. Kd3 a5 32. b3 b6 33. c4 dxc4+ 34. bxc4 Rgd8
35. Nd4 Bc5 36. Bc3 Kf7 37. Rg5 a4 38. Ke4 Be7 39. Rb5 Rxc4 40. Ba1 Bc5 41. Kd3
Rb4 42. Rxb4 Bxb4 43. Kc4 Bc5 44. Nc6 Rc8 45. Ne5+ Ke7 46. Kd3 Rg8 47. Ke4 a3
48. Nd3 Bd6 49. Rb1 Rb8 50. Rb5 Nf7 51. Nc1 Bc5 52. Nb3 Nd6+ 0-1

[Event "PRO League Group Stage"]
[Site "chess.com INT"]
[Date "2018.01.25"]
[Round "2"]
[White "Reimanis, Ritvars"]
[Black "Manukian, Artak"]
[Result "0-1"]
[WhiteTitle "FM"]
[WhiteElo "2335"]
[BlackElo "2196"]
[WhiteTeam "Riga Magicians"]
[BlackTeam "Armenia Eagles"]
[WhiteFideId "11602988"]
[BlackFideId "13301373"]
[EventDate "2018.01.18"]

1. d4 d5 2. c4 dxc4 3. Nf3 Nf6 4. e3 e6 5. Bxc4 c5 6. O-O a6 7. Bb3 Nc6 8. Qe2
cxd4 9. Rd1 Be7 10. exd4 O-O 11. a3 b5 12. Nc3 Na5 13. Ba2 Bb7 14. Bg5 Nc4 15.
Ne5 Nb6 16. Rd3 Nfd5 17. Bxe7 Qxe7 18. Rg3 Rad8 19. Bb1 f5 20. Nd3 Nc4 21. Ba2
f4 22. Rh3 f3 23. gxf3 Nf4 24. Nxf4 Rxf4 25. Qd3 h6 26. Ne2 Ne5 27. Qe3 Nxf3+
28. Kf1 Rf6 29. Rh5 Qf7 30. Nf4 Nxd4 31. Rh4 Nf5 32. Bxe6 Nxe3+ 0-1

[Event "PRO League Group Stage"]
[Site "chess.com INT"]
[Date "2018.01.25"]
[Round "2"]
[White "Agrest, Inna"]
[Black "Lenic, Luka"]
[Result "0-1"]
[WhiteTitle "WIM"]
[BlackTitle "GM"]
[WhiteElo "2280"]
[BlackElo "2662"]
[WhiteTeam "Stockholm Snowballs"]
[BlackTeam "Ljubljana Turtles"]
[WhiteFideId "1708830"]
[BlackFideId "14603853"]
[EventDate "2018.01.18"]

1. e4 e5 2. Nf3 Nc6 3. Bb5 a6 4. Ba4 Nf6 5. O-O b5 6. Bb3 Bb7 7. d3 Be7 8. c3
O-O 9. Nbd2 h6 10. Re1 Re8 11. Nf1 Bf8 12. Ng3 Na5 13. Bc2 d5 14. Qe2 c5 15. h3
c4 16. dxc4 Nxc4 17. exd5 Qxd5 18. Ne4 Nxe4 19. Bxe4 Qxe4 20. Qxe4 Bxe4 21. Rxe4
f6 22. b3 Nb6 23. Bd2 Rac8 24. Rc1 Red8 25. Be1 Rc6 26. g3 Rd5 27. Kg2 Bd6 28.
Nh4 Kf7 29. Nf5 Bf8 30. Re2 g6 31. Ne3 Rd7 32. h4 h5 33. Rd2 Bh6 34. Rxd7+ Nxd7
35. Rd1 Nc5 36. Nd5 Ke6 37. c4 bxc4 38. bxc4 Nb7 39. Nb4 Rb6 40. Nd5 Rc6 41. Nb4
Rxc4 42. Nxa6 Bf8 43. Rb1 Nd6 44. Rb6 Kf7 45. Nb8 Ra4 46. Bb4 Ne4 47. Rb7+ Kg8
48. Bxf8 Kxf8 49. Nd7+ Ke8 50. Nb6 Rxa2 51. Rg7 Rxf2+ 52. Kg1 Rf3 53. Rxg6 Kf7
54. Rh6 Kg7 55. Rxh5 Nxg3 56. Kg2 Rd3 0-1

[Event "PRO League Group Stage"]
[Site "chess.com INT"]
[Date "2018.01.25"]
[Round "2"]
[White "Agrest, Inna"]
[Black "Sebenik, Matej"]
[Result "1/2-1/2"]
[WhiteTitle "WIM"]
[BlackTitle "GM"]
[WhiteElo "2280"]
[BlackElo "2551"]
[WhiteTeam "Stockholm Snowballs"]
[BlackTeam "Ljubljana Turtles"]
[WhiteFideId "1708830"]
[BlackFideId "14602296"]
[EventDate "2018.01.18"]

1. e4 c5 2. Nf3 d6 3. d4 cxd4 4. Nxd4 Nf6 5. Nc3 g6 6. Be3 Bg7 7. f3 Nc6 8. Qd2
O-O 9. Bc4 Bd7 10. Bb3 Na5 11. h4 h5 12. O-O-O Nxb3+ 13. axb3 Qa5 14. Kb1 Rfc8
15. g4 hxg4 16. h5 Nxh5 17. fxg4 Nf6 18. Bh6 Bh8 19. Nd5 Qd8 20. Bg5 Bg7 21. Qh2
Bxg4 22. Rdg1 Bh5 23. Bxf6 exf6 24. Nf5 Qd7 25. Nxg7 Kxg7 26. Qxh5 Rh8 27. Qf3
Qd8 28. Rxh8 Kxh8 29. Nxf6 Kg7 30. Nh5+ Kf8 31. Nf4 Ke8 32. Nd5 Kd7 33. Qxf7+
Kc6 34. Ne7+ Kb6 35. Rxg6 a6 36. Nf5 Ka7 37. Rxd6 Qa5 38. Rd7 Qe1+ 39. Ka2 Qa5+
40. Kb1 Qe1+ 41. Ka2 Qa5+ 42. Kb1 Qe1+ 43. Ka2 Qa5+ 44. Kb1 1/2-1/2

[Event "PRO League Group Stage"]
[Site "chess.com INT"]
[Date "2018.01.25"]
[Round "2"]
[White "Kovalenko, Igor"]
[Black "Petrosyan, Manuel"]
[Result "0-1"]
[WhiteTitle "GM"]
[BlackTitle "GM"]
[WhiteElo "2635"]
[BlackElo "2570"]
[WhiteTeam "Riga Magicians"]
[BlackTeam "Armenia Eagles"]
[WhiteFideId "14117908"]
[BlackFideId "13300857"]
[EventDate "2018.01.18"]

1. e4 e5 2. Bc4 Nf6 3. d3 c6 4. Nf3 d5 5. Bb3 Bb4+ 6. c3 Bd6 7. Qe2 O-O 8. Nbd2
Nbd7 9. O-O a5 10. Re1 a4 11. Bc2 Re8 12. Nf1 dxe4 13. dxe4 Nc5 14. Ng3 b6 15.
Be3 Ba6 16. Qd2 Bf8 17. Rad1 Qxd2 18. Rxd2 Bc4 19. a3 Ng4 20. Bxc5 Bxc5 21. h3
Nf6 22. Red1 g6 23. Nf1 b5 24. g4 h6 25. Ne3 Bxe3 26. fxe3 Bb3 27. Kg2 Bxc2 28.
Rxc2 Nxe4 29. c4 Rab8 30. Rd7 bxc4 31. Ra7 Rb3 32. Rxa4 Rxe3 33. Raxc4 c5 34. b4
cxb4 35. axb4 Ng5 36. Nxg5 hxg5 37. Rb2 Rb8 38. b5 Rb6 39. Rcb4 Rd3 40. R2b3
Rxb3 41. Rxb3 f5 42. h4 gxh4 43. gxf5 gxf5 44. Kh3 Kf7 45. Kxh4 Ke6 46. Kg5 f4
47. Kg4 Kd5 48. Rb1 Kc4 49. Rc1+ Kd3 50. Rb1 Kd4 51. Kf5 f3 52. Kg4 e4 53. Kg3
Rg6+ 54. Kf2 Rg2+ 55. Kf1 e3 56. Rb4+ 0-1

[Event "PRO League Group Stage"]
[Site "chess.com INT"]
[Date "2018.01.25"]
[Round "2"]
[White "Kovalenko, Igor"]
[Black "Andriasian, Zaven"]
[Result "1/2-1/2"]
[WhiteTitle "GM"]
[BlackTitle "GM"]
[WhiteElo "2635"]
[BlackElo "2585"]
[WhiteTeam "Riga Magicians"]
[BlackTeam "Armenia Eagles"]
[WhiteFideId "14117908"]
[BlackFideId "13302000"]
[EventDate "2018.01.18"]

1. c4 e5 2. g3 Nc6 3. Nc3 Bb4 4. Nd5 Nf6 5. Bg2 O-O 6. e3 Nxd5 7. cxd5 Ne7 8.
Ne2 c6 9. a3 Bd6 10. dxc6 dxc6 11. O-O Bg4 12. h3 Bh5 13. d3 Qd7 14. Qc2 Rad8
15. b4 Bc7 16. Rd1 Bg6 17. e4 Bh5 18. Bb2 Bxe2 19. Qxe2 Qe6 20. d4 exd4 21. Bxd4
Be5 22. Qe3 Nc8 23. f4 Bxd4 24. Rxd4 Rxd4 25. Qxd4 Nb6 26. Rd1 h6 27. Kh2 Re8
28. e5 Qa2 29. Rd3 Qe6 30. h4 h5 31. Bf3 g6 32. Kg2 Kg7 33. Bd1 Qd5+ 34. Qxd5
Nxd5 35. Bb3 Nb6 36. a4 Re7 37. Kf3 Rd7 38. Ke3 Kf8 39. a5 Rxd3+ 40. Kxd3 Nd7
41. Ke4 f5+ 42. Kd4 Ke7 43. Bg8 b6 44. Kc4 Kf8 45. Be6 Ke7 46. Bg8 Kf8 47. Be6
Ke7 48. Bxd7 Kxd7 49. Kd3 Ke7 50. Kc3 Kd7 51. Kc4 Ke6 52. Kd4 Ke7 53. b5 c5+ 54.
Kd5 Kd7 55. a6 Ke7 56. Kc6 c4 57. Kb7 c3 58. Kxa7 c2 59. Kb7 c1=Q 60. a7 Qc4 61.
a8=Q Qd5+ 62. Ka7 Qa2+ 63. Kb8 Qg8+ 64. Ka7 Qa2+ 65. Kb8 1/2-1/2

[Event "PRO League Group Stage"]
[Site "chess.com INT"]
[Date "2018.01.25"]
[Round "2"]
[White "Dreev, Aleksey"]
[Black "Yu, Yangyi"]
[Result "1/2-1/2"]
[WhiteTitle "GM"]
[BlackTitle "GM"]
[WhiteElo "2653"]
[BlackElo "2760"]
[WhiteTeam "San Diego Surfers"]
[BlackTeam "Chengdu Pandas"]
[WhiteFideId "4100107"]
[BlackFideId "8603820"]
[EventDate "2018.01.18"]

1. d4 Nf6 2. Nf3 g6 3. g3 Bg7 4. Bg2 O-O 5. O-O d6 6. b3 Nbd7 7. Bb2 Re8 8. c4
c6 9. Nc3 e5 10. dxe5 dxe5 11. Ng5 Nc5 12. b4 Qb6 13. a3 Bf5 14. e4 Bg4 15. Qc2
Ne6 16. Nxe6 Bxe6 17. c5 Qc7 18. Rfd1 h5 19. Rd6 h4 20. Rad1 h3 21. Bf1 Nh7 22.
Bc1 Bf8 23. R6d3 a5 24. Na4 axb4 25. axb4 Qe7 26. Nb6 Ra2 27. Qb1 Qf6 28. Bb2
Ng5 29. Nd7 Bxd7 30. Qxa2 Bg4 31. f4 Bxd1 32. Rxd1 Nxe4 33. Bxh3 Rd8 34. Qb1 Nd2
35. Qc1 Nb3 36. Qc2 Nd4 37. Qe4 Bg7 38. Kg2 Rd5 39. fxe5 Rxe5 40. Bxd4 Rxe4 41.
Bxf6 Bxf6 42. Rb1 Bc3 43. Bc8 Bxb4 44. Bxb7 Bxc5 45. Bxc6 Re2+ 46. Kh1 Rd2 47.
Bf3 Kg7 48. Re1 Rf2 49. Bg2 Rd2 50. Bf3 f5 51. Re2 Rd3 52. Kg2 Kf6 53. Rc2 Bd6
54. Be2 Re3 55. Bf3 Rd3 56. Re2 Rd4 57. Rc2 g5 58. h3 Rd3 59. g4 fxg4 60. hxg4
Ke5 61. Re2+ Kf6 62. Rf2 Bf4 63. Re2 Rc3 64. Re4 Rc2+ 65. Re2 Rc1 66. Re4 Be5
67. Re2 Ke6 68. Re4 Kd6 69. Re2 Bd4 70. Be4 Rg1+ 71. Kf3 Rf1+ 72. Kg2 Rg1+ 73.
Kf3 Be5 74. Bf5 Rg3+ 75. Ke4 Bf4 76. Re1 Ra3 77. Rd1+ Ke7 78. Rd3 Ra1 79. Rb3
Re1+ 80. Kf3 Rg1 81. Rd3 Rf1+ 82. Ke4 Rg1 83. Kf3 Bd6 84. Ke4 Rf1 85. Kd5 Bf4
86. Rb3 Rd1+ 87. Ke4 Re1+ 88. Kd5 Re5+ 89. Kd4 Ra5 90. Rb7+ Kd6 91. Rb6+ Kc7 92.
Rg6 Ra4+ 93. Kd5 Ra5+ 94. Kc4 Re5 95. Kd4 Re1 96. Kd5 Rd1+ 97. Kc5 Be3+ 98. Kc4
Rd4+ 99. Kb5 Rd5+ 100. Kc4 Rc5+ 101. Kd3 Bf4 102. Kd4 Ra5 103. Kc4 Ra4+ 104. Kd5
Ra5+ 105. Ke6 Ra6+ 106. Kf7 Ra5 107. Kg7 Ra8 108. Kf6 Rf8+ 109. Ke7 Rh8 110. Kf7
Rh7+ 111. Rg7 Rh2 112. Rg6 Re2 113. Re6 Rd2 114. Rg6 Re2 115. Re6 Rb2 116. Rg6
Rb7 117. Re6 Rb6 118. Rxb6 Kxb6 119. Kg6 1/2-1/2

[Event "PRO League Group Stage"]
[Site "chess.com INT"]
[Date "2018.01.25"]
[Round "2"]
[White "Dreev, Aleksey"]
[Black "Li, Di"]
[Result "1-0"]
[WhiteTitle "GM"]
[BlackTitle "IM"]
[WhiteElo "2653"]
[BlackElo "2455"]
[WhiteTeam "San Diego Surfers"]
[BlackTeam "Chengdu Pandas"]
[WhiteFideId "4100107"]
[BlackFideId "8607508"]
[EventDate "2018.01.18"]

1. d4 Nf6 2. Nf3 e6 3. c4 d5 4. Nc3 c6 5. g3 Be7 6. Bg2 O-O 7. O-O b6 8. Bf4 Ba6
9. Ne5 Nfd7 10. cxd5 cxd5 11. Nxd5 exd5 12. Nxf7 Rxf7 13. Bxd5 Nf6 14. Bxa8 Bd6
15. Bxd6 Qxd6 16. Rc1 Nbd7 17. Re1 Ng4 18. Bf3 Qg6 19. Qa4 Bb7 20. Bxb7 Qh6 21.
h4 Nxf2 22. Bd5 Qe3 23. Rc8+ Nf8 24. Bxf7+ 1-0

[Event "PRO League Group Stage"]
[Site "chess.com INT"]
[Date "2018.01.25"]
[Round "2"]
[White "Dudukin, Ilya"]
[Black "Onischuk, Alexander"]
[Result "1/2-1/2"]
[WhiteTitle "FM"]
[BlackTitle "GM"]
[WhiteElo "2396"]
[BlackElo "2681"]
[WhiteTeam "Volga Stormbringers"]
[BlackTeam "Estonia Horses"]
[WhiteFideId "4148576"]
[BlackFideId "14101025"]
[EventDate "2018.01.18"]

1. Nf3 d5 2. d4 Nf6 3. c4 e6 4. Nc3 Be7 5. cxd5 exd5 6. Bg5 c6 7. Qc2 g6 8. e4
dxe4 9. Bxf6 Bxf6 10. Qxe4+ Qe7 11. Bc4 Bf5 12. Qxe7+ Kxe7 13. O-O-O Nd7 14. h4
Nb6 15. Bb3 Rhd8 16. Rhe1+ Kf8 17. Ng5 Bxd4 18. Nxf7 Rd7 19. Ne5 Bxe5 20. Rxe5
Rxd1+ 21. Nxd1 Nd7 22. Re3 Rd8 23. Bc2 Bxc2 24. Kxc2 Nf6 25. Nc3 Kf7 26. g3 Ng4
27. Rf3+ Kg7 28. Ne4 Re8 29. Rf4 Ne5 30. Nd6 Re7 31. Re4 Kf6 32. f4 Ng4 33. Rxe7
Kxe7 34. Nxb7 Ne3+ 35. Kd3 Nf5 36. Ke4 Nxg3+ 37. Ke5 Nf5 38. h5 Ne3 39. hxg6
hxg6 40. Na5 Ng4+ 41. Kd4 Kd6 42. Nb7+ Ke6 43. Nd8+ Kd7 44. Nf7 Ke6 45. Nd8+ Kd7
46. Nf7 Ke6 47. Nd8+ Kd7 48. Nf7 Ke6 49. Nd8+ Kd7 50. Nf7 Ke6 1/2-1/2

[Event "PRO League Group Stage"]
[Site "chess.com INT"]
[Date "2018.01.25"]
[Round "2"]
[White "Dudukin, Ilya"]
[Black "Valner, Uku"]
[Result "0-1"]
[WhiteTitle "FM"]
[WhiteElo "2396"]
[BlackElo "2211"]
[WhiteTeam "Volga Stormbringers"]
[BlackTeam "Estonia Horses"]
[WhiteFideId "4148576"]
[BlackFideId "4502205"]
[EventDate "2018.01.18"]

1. Nf3 e6 2. c4 Nf6 3. Nc3 b6 4. e4 Bb7 5. e5 Ne4 6. Bd3 Nxc3 7. dxc3 d6 8. Bf4
Nd7 9. Qa4 Be7 10. Nd4 dxe5 11. Bxe5 O-O 12. Bg3 Nc5 13. Qc2 Nxd3+ 14. Qxd3 c5
15. O-O-O cxd4 16. cxd4 Rc8 17. Kb1 Qd7 18. f3 Rfd8 19. Bf2 Bf6 20. h4 Qc6 21.
b3 Rd7 22. h5 h6 23. Rhe1 Rcd8 24. Re4 b5 25. cxb5 Qb6 26. Rg4 Rd5 27. a4 a6 28.
bxa6 Bxa6 29. Qe3 e5 30. Ka2 exd4 31. Qxh6 Qe6 32. Qf4 Rf5 33. Qd2 Re5 34. Re1
Rxe1 35. Bxe1 Rb8 36. Qd1 Bc4 37. bxc4 Qxc4+ 38. Ka3 Be7+ 0-1

[Event "PRO League Group Stage"]
[Site "chess.com INT"]
[Date "2018.01.25"]
[Round "2"]
[White "Meskovs, Nikita"]
[Black "Petrosyan, Manuel"]
[Result "1-0"]
[WhiteTitle "GM"]
[BlackTitle "GM"]
[WhiteElo "2546"]
[BlackElo "2570"]
[WhiteTeam "Riga Magicians"]
[BlackTeam "Armenia Eagles"]
[WhiteFideId "11602740"]
[BlackFideId "13300857"]
[EventDate "2018.01.18"]

1. d4 Nf6 2. c4 e6 3. Nf3 b6 4. g3 Bb7 5. Bg2 Bb4+ 6. Bd2 Be7 7. O-O c6 8. Nc3
d5 9. Rc1 O-O 10. Bf4 dxc4 11. Ne5 Nd5 12. Nxc4 Nxf4 13. gxf4 Nd7 14. e3 Qc7 15.
Qf3 a6 16. Kh1 Rab8 17. Qg3 g6 18. Rfd1 b5 19. Ne5 Nxe5 20. fxe5 c5 21. d5 exd5
22. Nxd5 Bxd5 23. Bxd5 Kh8 24. h4 f6 25. e6 Qxg3 26. fxg3 Rb6 27. Kg2 f5 28. Kf3
Kg7 29. e4 fxe4+ 30. Kxe4 Rf2 31. Rf1 Re2+ 32. Kd3 Re5 33. Rf7+ Kh6 34. Rxe7
Rxd5+ 35. Ke4 Rbd6 36. Re1 g5 37. hxg5+ Kxg5 38. Kf3 Rf5+ 39. Kg2 Rd2+ 40. Kh3
Rff2 41. Rg7+ Kh6 42. Rg8 Rde2 43. Rh1 Re4 44. e7 Rxb2 45. e8=Q Rxe8 46. Kg4+ 1-0

[Event "PRO League Group Stage"]
[Site "chess.com INT"]
[Date "2018.01.25"]
[Round "2"]
[White "Meskovs, Nikita"]
[Black "Andriasian, Zaven"]
[Result "0-1"]
[WhiteTitle "GM"]
[BlackTitle "GM"]
[WhiteElo "2546"]
[BlackElo "2585"]
[WhiteTeam "Riga Magicians"]
[BlackTeam "Armenia Eagles"]
[WhiteFideId "11602740"]
[BlackFideId "13302000"]
[EventDate "2018.01.18"]

1. d4 d5 2. c4 c6 3. Nf3 Nf6 4. Nc3 dxc4 5. a4 Bf5 6. Nh4 e6 7. Nxf5 exf5 8. e3
Bb4 9. Bxc4 O-O 10. O-O Nbd7 11. Bd2 Qe7 12. a5 a6 13. Qb3 Rab8 14. Rfe1 Bd6 15.
f3 c5 16. e4 cxd4 17. exf5 Qd8 18. Nd5 Nc5 19. Nxf6+ Qxf6 20. Qb6 Nd7 21. Qb3
Qxf5 22. f4 Nc5 23. Qf3 Qc2 24. Qd5 Rbd8 25. Rad1 Be7 26. Qf3 Qxc4 27. Rxe7 Nb3
28. Rxb7 Nxd2 29. Rxd2 Rfe8 30. Qd3 Qc1+ 31. Kf2 Qe1+ 32. Kf3 Re3+ 0-1

[Event "PRO League Group Stage"]
[Site "chess.com INT"]
[Date "2018.01.25"]
[Round "2"]
[White "Iturrizaga Bonelli, Eduardo"]
[Black "Bykhovsky, Anatoly"]
[Result "1-0"]
[WhiteTitle "GM"]
[BlackTitle "GM"]
[WhiteElo "2650"]
[BlackElo "2496"]
[WhiteTeam "Miami Champions"]
[BlackTeam "Montclair Sopranos"]
[WhiteFideId "3901211"]
[BlackFideId "2806991"]
[EventDate "2018.01.18"]

1. Nf3 Nf6 2. c4 g6 3. Nc3 d5 4. cxd5 Nxd5 5. Qb3 Nb6 6. d4 Bg7 7. e4 O-O 8. Be3
Bg4 9. Rd1 Nc6 10. d5 Ne5 11. Be2 Nxf3+ 12. gxf3 Bh5 13. a4 Qc8 14. h4 c6 15. a5
Nd7 16. Kf1 Ne5 17. Kg2 Kh8 18. d6 exd6 19. Rxd6 f5 20. f4 Bxe2 21. Nxe2 Nf7 22.
Re6 Nd8 23. Re7 fxe4 24. Ng3 Bf6 25. Rxe4 Nf7 26. h5 Qg4 27. f5 1-0

[Event "PRO League Group Stage"]
[Site "chess.com INT"]
[Date "2018.01.25"]
[Round "2"]
[White "Iturrizaga Bonelli, Eduardo"]
[Black "Checa, Nicolas"]
[Result "1-0"]
[WhiteTitle "GM"]
[BlackTitle "IM"]
[WhiteElo "2650"]
[BlackElo "2486"]
[WhiteTeam "Miami Champions"]
[BlackTeam "Montclair Sopranos"]
[WhiteFideId "3901211"]
[BlackFideId "2069342"]
[EventDate "2018.01.18"]

1. Nf3 d5 2. c4 c6 3. e3 Nf6 4. Nc3 a6 5. Qc2 g6 6. d4 Bf5 7. Qb3 b5 8. c5 a5 9.
Ne5 a4 10. Qd1 Bg7 11. f4 Nfd7 12. Nd3 h5 13. Nb4 Qc8 14. Bd2 Nf6 15. Be2 Ne4
16. Nxe4 Bxe4 17. O-O Na6 18. Nd3 O-O 19. h3 Nc7 20. Nf2 a3 21. b3 f5 22. Bb4
Bf6 23. Qd2 Kf7 24. g3 Qa6 25. Nd3 Rh8 26. Kf2 Bg7 27. Rg1 Bxd3 28. Bxd3 Ne8 29.
Rg2 Nf6 30. Rag1 Qc8 31. Ke1 Rh6 32. Qc1 Qa6 33. Kd1 e6 34. Kc2 Bf8 35. Kb1 Be7
36. Be2 Bd8 37. g4 hxg4 38. hxg4 fxg4 39. Bxg4 Ba5 40. Bxa5 Qxa5 41. Bf3 Rg8 42.
Qc2 Qa8 43. Be2 Rg7 44. Bd3 Ke7 45. f5 exf5 46. Bxf5 Rh3 47. Bxh3 1-0

[Event "PRO League Group Stage"]
[Site "chess.com INT"]
[Date "2018.01.25"]
[Round "2"]
[White "Izoria, Zviad"]
[Black "Smirnov, Anton"]
[Result "0-1"]
[WhiteTitle "GM"]
[BlackTitle "GM"]
[WhiteElo "2599"]
[BlackElo "2527"]
[WhiteTeam "San Jose Hackers"]
[BlackTeam "Australia Kangaroos"]
[WhiteFideId "13601733"]
[BlackFideId "3208923"]
[EventDate "2018.01.18"]

1. c4 e5 2. g3 Nf6 3. Bg2 c6 4. Nf3 e4 5. Nd4 Qb6 6. e3 Bc5 7. d3 exd3 8. O-O d5
9. cxd5 Nxd5 10. Nb3 Be7 11. Qxd3 Nb4 12. Qe2 Nxa2 13. Na5 Nxc1 14. Rxc1 O-O 15.
Nd2 Be6 16. Ndc4 Qb5 17. Qc2 Na6 18. Bf1 Nb4 19. Qb1 b6 20. Nd6 Qh5 21. Nab7 a5
22. Bg2 Rab8 23. Bxc6 Nxc6 24. Rxc6 Bd5 25. Qc2 Rxb7 0-1

[Event "PRO League Group Stage"]
[Site "chess.com INT"]
[Date "2018.01.25"]
[Round "2"]
[White "Izoria, Zviad"]
[Black "Clarke, Brandon G I"]
[Result "1-0"]
[WhiteTitle "GM"]
[BlackTitle "FM"]
[WhiteElo "2599"]
[BlackElo "2360"]
[WhiteTeam "San Jose Hackers"]
[BlackTeam "Australia Kangaroos"]
[WhiteFideId "13601733"]
[BlackFideId "400319"]
[EventDate "2018.01.18"]

1. c4 Nf6 2. Nc3 g6 3. e4 d6 4. d4 Bg7 5. Be2 O-O 6. Bg5 c5 7. d5 e6 8. Qd2 exd5
9. exd5 Qb6 10. Nf3 Bf5 11. Nh4 Ne4 12. Nxe4 Bxe4 13. f3 h6 14. Bxh6 Bxh6 15.
Qxh6 Qxb2 16. O-O Bc2 17. Rac1 Re8 18. Qd2 Qf6 19. Rxc2 Qxh4 20. g3 Qf6 21. Rb1
b6 22. Kf2 Re7 23. Qc3 Kg7 24. Qxf6+ Kxf6 25. Rb3 Nd7 26. h4 Rae8 27. Ra3 Nb8
28. Bf1 Rb7 29. Re2 Rxe2+ 30. Bxe2 Nd7 31. f4 Ke7 32. g4 Rc7 33. Rb3 Kf8 34. g5
Nb8 35. Ra3 Re7 36. Bg4 Kg7 37. Kf3 f5 38. Bh3 a6 39. Rb3 Nd7 40. h5 Re1 41. Ra3
Nb8 42. Rb3 Nd7 43. Ra3 Nb8 44. Re3 Rxe3+ 45. Kxe3 b5 46. h6+ Kf7 47. cxb5 axb5
48. Bf1 c4 49. a4 bxa4 50. Bxc4 a3 51. Kd4 Nd7 52. Kc3 Nc5 53. Ba2 Kf8 54. Kc4
Kf7 55. Kb5 Nd3 56. Kc6 Nxf4 57. Kxd6 Ne2 58. h7 Kg7 59. Ke7 Nc3 60. d6 Nxa2 61.
h8=Q+ Kxh8 62. d7 Nb4 63. d8=Q+ Kg7 64. Qf8+ Kh7 65. Qh6+ Kg8 66. Qxg6+ 1-0

[Event "PRO League Group Stage"]
[Site "chess.com INT"]
[Date "2018.01.25"]
[Round "2"]
[White "Bryant, John Daniel"]
[Black "Li, Zhaoyang"]
[Result "1-0"]
[WhiteTitle "IM"]
[WhiteElo "2437"]
[BlackElo "2091"]
[WhiteTeam "San Diego Surfers"]
[BlackTeam "Chengdu Pandas"]
[WhiteFideId "2031280"]
[BlackFideId "8608237"]
[EventDate "2018.01.18"]

1. e4 e5 2. Nf3 Nf6 3. Nxe5 d6 4. Nf3 Nxe4 5. d4 d5 6. Bd3 Be7 7. O-O Nc6 8. Re1
Bg4 9. c3 f5 10. Qb3 Qd6 11. Nbd2 O-O-O 12. Bb5 Nxd2 13. Nxd2 Rde8 14. Nf1 f4
15. Bxc6 bxc6 16. c4 g5 17. Bd2 dxc4 18. Qxc4 Bf6 19. Bb4 Qd5 20. Qa6+ Kd7 21.
Bc5 h5 22. Nd2 f3 23. Nc4 fxg2 24. Ne3 Rxe3 25. Rxe3 Bf5 26. Rae1 Qf7 27. Qb7
Rd8 28. b4 Qd5 29. Re7+ 1-0